[Event "Bursa-ch"]
[Site "Bursa"]
[Date "2015.01.09"]
[Round "3"]
[White "Hereklioglu, Sude"]
[Black "Ozdemir, Gurcan"]
[Result "1-0"]
[WhiteElo "1742"]
[BlackElo "1427"]
[PlyCount "29"]
[EventDate "2015.01.07"]
[EventType "swiss"]
[EventRounds "7"]
[EventCountry "TUR"]
[SourceTitle "EXT 2016"]
[Source "ChessBase"]
[SourceDate "2015.10.08"]
[SourceVersion "1"]
[SourceVersionDate "2015.10.08"]
[SourceQuality "1"]

1. e4 e6 2. d4 d5 3. Nc3 a6 4. Nf3 h6 5. Bd3 Ne7 6. 0-0 Ng6 7. exd5 exd5 8. Bxg6 fxg6 9. Ne5 Qd6 10. Qf3 Be6 11. Nxg6 Rg8 12. Bf4 Qd7 13. Rfe1 Kd8 14. Bxc7+ Kxc7 15. Nxf8 1-0